• 首页
  • 本馆介绍
  • 公告通知
  • 最新文献
  • 馆藏检索
  • 电子资源
  • 读者导购
  • 参考咨询
  • 我的图书馆
  • 登录
  • 详细信息显示
  • 放入我的书架
  • 预约/预借图书
  • 作者相关作品
  • 分类相关作品
  • 丛书相关作品
  • 出版社相关作品

书目信息

  • 表格格式
  • 工作单格式
  • 卡片格式
题名:
新编家用电器使用维修手册
    
 
作者: 金德宣 主编
分册:  
出版信息: 成都   电子科技大学出版社  1994
页数: 22,738页
开本: 20cm
丛书名: 学生学技术丛书
单 册:
中图分类: TM925.07
科图分类:
主题词: 日用电气器具--应用--手册 , 日用电气器具
电子资源:
ISBN: 7-81016-724-3
000 00958oam2 2200277 45
001 0120062000050
005 20070103162339.09
010    @a7-81016-724-3@dCNY59.80
092    @aCN@b491848
100    @a20060422e20051994em y0chiy0120 ea
101 0  @achi
102    @aCN@b510000
105    @ay z 000yy
200 1  @a新编家用电器使用维修手册@9xin bian jia yong dian qi shi yong wei xiu shou ce@f金德宣主编
210    @a成都@c电子科技大学出版社@d1994@h2005重印
215    @a22,738页@d20cm
225 2  @a学生学技术丛书
330    @a本书分为8个章节,家用电热器具、家用制冷器具、家用空调器具、家用清洁器具、家用电炊厨器具、家用美容器具等。
461  0 @12001 @a学生学技术丛书
517 1  @a家用电器使用维修手册@9jia yong dian qi shi yong wei xiu shou ce
606 0  @a日用电气器具@x应用@j手册
606 0  @a日用电气器具
690    @aTM925.07@v4
701  0 @a金德宣@9jin de xuan@4主编
801  0 @aCN@bLZJBOOK@c20070103
905    @a10447@dTM925.07@e103
    
    新编家用电器使用维修手册/金德宣主编.-成都:电子科技大学出版社,1994(2005重印)
    22,738页;20cm.-(学生学技术丛书)
    
    
    ISBN 7-81016-724-3:CNY59.80
    本书分为8个章节,家用电热器具、家用制冷器具、家用空调器具、家用清洁器具、家用电炊厨器具、家用美容器具等。
●
相关链接 在E读中查询图书 在五车中查询图书 在当当中查询图书 在豆瓣中查询图书


正题名:新编家用电器使用维修手册     索取号:TM925.07/103         预约/预借

序号 登录号 条形码 馆藏地/架位号 状态 备注
1 0563629   205636294   第二样本阅览室/ [索取号:TM925.07/103] 在馆    
2 0563630   205636301   第三借阅区/ [索取号:TM925.07/103] 在馆    
3 0563631   205636310   第三借阅区/ [索取号:TM925.07/103] 在馆    
4 0563632   205636329   第三借阅区/ [索取号:TM925.07/103] 在馆    
5 0563633   205636338   第三借阅区/ [索取号:TM925.07/103] 在馆    
6 0563634   205636347   第三借阅区/ [索取号:TM925.07/103] 在馆    
7 0563635   205636356   第三借阅区/ [索取号:TM925.07/103] 在馆    
8 0563636   205636365   第三借阅区/ [索取号:TM925.07/103] 在馆    
唐山师范学院图书馆 欢迎您!
大连网信软件有限公司© 版权所有